| 000 | 00367nam a2200145Ia 4500 | ||
|---|---|---|---|
| 008 | 150201s2007 xx 000 0 und d | ||
| 082 |
_a612 _bC2007Y |
||
| 100 | _aYOGESH TRAPTHI | ||
| 245 | _aCONCISE TEXT BOOK OF PHYSIOLOGY FOR DENTAL STUDENTS | ||
| 250 | _a1ST | ||
| 260 |
_bELSEVIER _aDELHI _c2007 |
||
| 300 | _a1-440 | ||
| 650 | _aPHYSIOLOGY | ||
| 942 |
_2ddc _cBK _01 |
||
| 999 |
_c3692 _d3692 |
||